000 00383nam a2200133Ia 4500
005 20260326100045.0
008 260326s9999||||xx |||||||||||||| ||und||
100 _aBuschiazzo, Mario J.
245 0 _aLa Arquitectura en la República Argentina 1810-1930 /
_cMario J. Buschiazzo
260 _bBartolomé U. Chiesino
300 _a41 p.
650 _aARQUITECTURA REGIONAL
942 _cBK
999 _c7150
_d7150